[Event "Coin op"]
[Site "Coin"]
[Date "2021.04.02"]
[Round "4"]
[White "Lovera Escallada, Rafael"]
[Black "Lopez Guerrero, Jose Miguel"]
[Result "0-1"]
[WhiteElo "1645"]
[BlackElo "2042"]
[PlyCount "46"]
[EventDate "2021.04.01"]
[EventType "swiss"]
[EventRounds "7"]
[EventCountry "ESP"]
[SourceTitle "EXT 2022"]
[Source "ChessBase"]
[SourceDate "2021.10.06"]
[SourceVersion "1"]
[SourceVersionDate "2021.10.06"]
[SourceQuality "1"]

1. d4 d6 2. Nf3 Nd7 3. Bf4 g6 4. e3 Bg7 5. h3 e5 6. Bh2 Qe7 7. Be2 f5 8. 0-0 Nh6 9. c4 0-0 10. Nc3 c6 11. Re1 Nf7 12. b4 g5 13. dxe5 dxe5 14. Qb3 a5 15. a3 Nf6 16. Rad1 axb4 17. axb4 g4 18. hxg4 Nxg4 19. Bg3 Be6 20. b5 f4 21. exf4 Ra3 22. Qb2 Rxc3 23. Bh4 Qa3 0-1

[Event "Andalucia-chA"]
[Site "Roquetas de Mar"]
[Date "2017.05.20"]
[Round "5"]
[White "Lovera Escallada, Rafael"]
[Black "Diaz Mino, Pablo"]
[Result "0-1"]
[WhiteElo "1760"]
[BlackElo "1981"]
[PlyCount "68"]
[EventDate "2017.05.13"]
[EventType "swiss"]
[EventRounds "8"]
[EventCountry "ESP"]
[SourceTitle "EXT 2020"]
[Source "ChessBase"]
[SourceDate "2019.10.17"]
[SourceVersion "1"]
[SourceVersionDate "2019.10.17"]
[SourceQuality "1"]

1. f4 d5 2. Nf3 c5 3. e3 Nc6 4. Bb5 e6 5. Ne5 Bd7 6. Bxc6 Bxc6 7. Nxc6 bxc6 8. 0-0 Be7 9. d3 Rb8 10. Nc3 Bf6 11. Qe1 Ne7 12. Kh1 0-0 13. Na4 Rb5 14. Rb1 Qa5 15. Qxa5 Rxa5 16. b3 c4 17. d4 Nf5 18. g4 Nd6 19. Ba3 Be7 20. Bxd6 Bxd6 21. g5 f6 22. Rg1 Kf7 23. Rg4 f5 24. Rh4 Kg6 25. Rg1 Rc8 26. Rg3 cxb3 27. cxb3 c5 28. Rgh3 c4 29. e4 fxe4 30. Nc3 Bb4 31. bxc4 Rxc4 32. Ne2 Rxa2 33. f5+ exf5 34. Re3 Rcc2 0-1

[Event "Andalucia-chA"]
[Site "Roquetas de Mar"]
[Date "2017.05.13"]
[Round "1"]
[White "Lovera Escallada, Rafael"]
[Black "Diaz Rodriguez, Jose Antonio"]
[Result "0-1"]
[WhiteElo "1760"]
[BlackElo "1987"]
[PlyCount "54"]
[EventDate "2017.05.13"]
[EventType "swiss"]
[EventRounds "8"]
[EventCountry "ESP"]
[SourceTitle "EXT 2020"]
[Source "ChessBase"]
[SourceDate "2019.10.17"]
[SourceVersion "1"]
[SourceVersionDate "2019.10.17"]
[SourceQuality "1"]

1. f4 Nf6 2. Nf3 d5 3. e3 Nbd7 4. Be2 e6 5. 0-0 Bd6 6. b3 Qe7 7. Bb2 e5 8. Nh4 Nf8 9. Qe1 Bd7 10. a4 Ng6 11. f5 Nxh4 12. Qxh4 0-0-0 13. Nc3 c6 14. d3 Rhg8 15. Kh1 g6 16. e4 d4 17. Nb1 gxf5 18. exf5 Nd5 19. Qxe7 Bxe7 20. Bc1 Bg5 21. g4 Bxc1 22. Rxc1 h5 23. h3 Nf4 24. Bf3 Nxh3 25. gxh5 Rg3 26. Be4 Nf2+ 27. Kh2 Rdg8 0-1